| 000 | 00400nam a2200157Ia 4500 | ||
|---|---|---|---|
| 008 | 220803s9999 xx 000 0 und d | ||
| 020 | _a9789380358693 | ||
| 041 | _aeng | ||
| 082 | _a728.38 BHA | ||
| 100 |
_aBhatt N D _924972 |
||
| 245 | _aEngineering Drawing : Plane And Soild Geometry | ||
| 250 | _a53rd | ||
| 260 |
_aAnand _bCharotar Publishing House _c2014 |
||
| 300 | _a720p | ||
| 500 | _aARCHI | ||
| 999 |
_c15849 _d15849 |
||